Stress management Volume 13

Bibliographic Details
Main Author: Cottrell, Randall R.
Format: Book
Published: Guilford : The Dushkin Publishing Group , 1992
Series:Grolier Wellness Encyclopedia
Subjects:

MARC

LEADER 00000cam a2200000 7i4500
001 0000059930
005 20160222.0
008 160222
020 |a 0717271381 (set) 
020 |a 0879678720 
090 0 0 |a R 030   |b GRO 
100 1 |a Cottrell, Randall R. 
245 1 0 |a Stress management   |c Randall R. Cottrell .   |n Volume 13 
260 |a Guilford :   |b The Dushkin Publishing Group ,   |c 1992 
300 |a 126 pg :   |b Col, Ill ;   |c 24cm. 
490 0 |a Grolier Wellness Encyclopedia 
500 |a Includes Glossary & Notes 127-133pg 
500 |a Includes Index 139-143 pg 
650 0 |a Stress (Physiology) 
650 0 |a Stress (Psychology) 
999 |a 0000715174   |b Book   |c REFERENCE   |e Cawangan Tmn. Ungku Tun Aminah